[Event "2e Open International de Balagne"]
[Site "Calvi"]
[Date "2005.02.21"]
[Round "2.13"]
[White "Stubbe, Damien"]
[Black "Muzychuk, Anna"]
[Result "0-1"]
[WhiteElo "1889"]
[BlackElo "2387"]
[PlyCount "34"]
[EventDate "2005.??.??"]

1. d4 Nf6 2. c4 e6 3. Nf3 c5 4. e3 d5 5. Nc3 Nc6 6. a3 cxd4 7. exd4 Be7 8. b4
dxc4 9. Bxc4 O-O 10. O-O a6 11. d5 exd5 12. Nxd5 Bg4 13. Nxe7+ Qxe7 14. Bb2 Qe4
15. Bd3 Qf4 16. Qc2 Bxf3 17. Bxf6 Qg4 0-1

[Event "2e Open International de Balagne"]
[Site "Calvi"]
[Date "2005.02.21"]
[Round "2.14"]
[White "Yakivchik, Myroslava"]
[Black "Battesti, Marc-Andria"]
[Result "1-0"]
[WhiteElo "2360"]
[BlackElo "1819"]
[PlyCount "61"]
[EventDate "2005.??.??"]

1. e4 e6 2. d4 d5 3. Nd2 Nf6 4. e5 Nfd7 5. Bd3 c5 6. c3 Nc6 7. Ne2 cxd4 8. cxd4
Qb6 9. Nf3 Bb4+ 10. Bd2 f6 11. exf6 Nxf6 12. O-O Bd6 13. Bg5 O-O 14. Nc3 h6 15.
Bh4 a6 16. a3 Bd7 17. Bc2 Qxb2 18. Qd3 Qb6 19. Rfe1 Qc7 20. Bg3 Bxg3 21. hxg3
Rac8 22. Rac1 Qd6 23. Ne5 Qxa3 24. Nxd7 Nb4 25. Nxf6+ Rxf6 26. Qh7+ Kf7 27. Nb1
Qb2 28. Bg6+ Ke7 29. Qxg7+ Kd6 30. Rxc8 Qxf2+ 31. Kh2 1-0

[Event "2e Open International de Balagne"]
[Site "Calvi"]
[Date "2005.02.21"]
[Round "2.15"]
[White "Rossi, Pascal"]
[Black "Grabinsky, Vladimir"]
[Result "1/2-1/2"]
[WhiteElo "1811"]
[BlackElo "2315"]
[PlyCount "79"]
[EventDate "2005.??.??"]

1. d4 Nf6 2. Nf3 e6 3. g3 d5 4. Bg2 Be7 5. O-O O-O 6. b3 c5 7. e3 Nc6 8. Bb2 b5
9. dxc5 Bxc5 10. Nd4 Bxd4 11. exd4 Qb6 12. c3 Ba6 13. b4 e5 14. dxe5 Nxe5 15.
Bc1 Nc4 16. Nd2 Rad8 17. Nxc4 dxc4 18. Qc2 Rfe8 19. Be3 Rxe3 20. fxe3 Ng4 21.
Qf5 Qxe3+ 22. Kh1 Nf6 23. Qf3 Qh6 24. Rad1 Rf8 25. Rd4 Bc8 26. Qd1 Be6 27. Rd8
g5 28. Rxf8+ Kxf8 29. Qd6+ Kg7 30. Qe5 a6 31. Bb7 g4 32. Kg1 Qg6 33. Bxa6 Bd5
34. Bxb5 Bf3 35. Ba4 Qd3 36. Qg5+ Kf8 37. Qc5+ Kg7 38. Qg5+ Kf8 39. Qc5+ Kg7
40. Qg5+ 1/2-1/2

[Event "2e Open International de Balagne"]
[Site "Calvi"]
[Date "2005.02.21"]
[Round "2.17"]
[White "Gelis, Dorian"]
[Black "Gil, Ludovic"]
[Result "1-0"]
[WhiteElo "2172"]
[BlackElo "1790"]
[PlyCount "51"]
[EventDate "2005.??.??"]

1. e4 c5 2. Nc3 Nc6 3. Bb5 d6 4. Bxc6+ bxc6 5. f4 d5 6. d3 e6 7. Nf3 Nf6 8. O-O
Be7 9. Qe1 O-O 10. b3 Ba6 11. e5 Nd7 12. Nd2 f6 13. exf6 Rxf6 14. Bb2 Rg6 15.
Na4 Kh8 16. Qf2 Bb5 17. Nc3 Bf6 18. Nf3 Rg4 19. Qd2 Qc7 20. Rae1 Re8 21. g3 a5
22. Re2 Bxc3 23. Bxc3 a4 24. Ng5 d4 25. Ba5 Qd6 26. Nf7+ 1-0

[Event "2e Open International de Balagne"]
[Site "Calvi"]
[Date "2005.02.21"]
[Round "2.18"]
[White "Payelle, Marie-Laetitia"]
[Black "Guennoun, Anthony"]
[Result "0-1"]
[WhiteElo "1730"]
[BlackElo "2101"]
[PlyCount "58"]
[EventDate "2005.??.??"]

1. e4 c5 2. Nc3 Nc6 3. Bb5 g6 4. f4 Nd4 5. Bc4 Bg7 6. Nf3 Nxf3+ 7. Qxf3 d6 8.
O-O Rb8 9. Kh1 a6 10. a4 b6 11. f5 Nf6 12. g4 g5 13. d3 h6 14. Bd2 Nd7 15. Qh3
Ne5 16. Bd5 Bd7 17. Rf2 Kf8 18. Be3 Nc6 19. Qh5 Be8 20. f6 Bxf6 21. Raf1 Ne5
22. d4 Ng6 23. e5 dxe5 24. dxc5 Nf4 25. Bxf4 exf4 26. Rd1 Qc7 27. c6 Bxc3 28.
bxc3 e6 29. Bg2 Bxc6 0-1

[Event "2e Open International de Balagne"]
[Site "Calvi"]
[Date "2005.02.21"]
[Round "2.21"]
[White "Galli, Jean-Christian"]
[Black "Bos, Joachim"]
[Result "1-0"]
[WhiteElo "2059"]
[BlackElo "1680"]
[PlyCount "25"]
[EventDate "2005.??.??"]

1. d4 d5 2. Nf3 Nc6 3. e3 Bf5 4. Be2 e6 5. O-O Bd6 6. c4 b6 7. Nc3 Bb4 8. Qa4
Nge7 9. Ne5 Bxc3 10. bxc3 b5 11. Qxb5 Rb8 12. Qa4 O-O 13. Nxc6 1-0

[Event "2e Open International de Balagne"]
[Site "Calvi"]
[Date "2005.02.21"]
[Round "2.23"]
[White "Cwiek, Loic"]
[Black "Campana, Marc-Antoine"]
[Result "0-1"]
[WhiteElo "2042"]
[BlackElo "1660"]
[PlyCount "78"]
[EventDate "2005.??.??"]

1. Nf3 Nf6 2. c4 e6 3. d4 d5 4. e3 c6 5. Bd3 Bd6 6. Nc3 Nbd7 7. O-O O-O 8. e4
dxc4 9. Bxc4 e5 10. dxe5 Nxe5 11. Nxe5 Bxe5 12. Qc2 Re8 13. f3 Qd4+ 14. Kh1
Qxc4 15. Bd2 Be6 16. Rfe1 Rad8 17. f4 Bxc3 18. Bxc3 Qd3 19. Qa4 Qc4 20. Qxa7
Nxe4 21. Be5 Qc5 22. Qxc5 Nxc5 23. Bc7 Rc8 24. Bd6 Nd3 25. Re2 Bf5 26. Rd2 Rcd8
27. Bc7 Rd7 28. Bb6 Nxf4 29. Rf2 Nd5 30. Ba5 Be4 31. Kg1 Ne3 32. Re1 Rd1 33.
Rxd1 Nxd1 34. Re2 f6 35. Bb6 Bg6 36. Rxe8+ Bxe8 37. b4 Nc3 38. a3 Bf7 39. Bd4
Ne2+ 0-1

[Event "2e Open International de Balagne"]
[Site "Calvi"]
[Date "2005.02.21"]
[Round "2.26"]
[White "Wojnowski, Krzysztof"]
[Black "Bouthier, Jacques"]
[Result "0-1"]
[WhiteElo "1520"]
[BlackElo "2022"]
[PlyCount "60"]
[EventDate "2005.??.??"]

1. e4 c5 2. Nf3 Nc6 3. d4 cxd4 4. Nxd4 Nf6 5. Nc3 e5 6. Ndb5 d6 7. Nd5 Nxd5 8.
exd5 Nb8 9. c4 Be7 10. Bd3 O-O 11. f3 f5 12. O-O Nd7 13. b4 a6 14. Nc3 Qb6+ 15.
c5 Qxb4 16. cxd6 Bxd6 17. Qc2 Qd4+ 18. Kh1 Nc5 19. Ba3 Qh4 20. g3 Qh6 21. Bxc5
Bxc5 22. Nb5 b6 23. Nc3 Bd7 24. a4 Bd4 25. Rab1 Rfc8 26. Rfc1 Rxc3 27. Qe2
Rxc1+ 28. Rxc1 Qxc1+ 29. Qf1 Qxf1+ 30. Bxf1 Bxa4 0-1

[Event "2e Open International de Balagne"]
[Site "Calvi"]
[Date "2005.02.21"]
[Round "2.44"]
[White "Gregory, Jacques"]
[Black "Bos, Bernard"]
[Result "0-1"]
[WhiteElo "1330"]
[BlackElo "1420"]
[PlyCount "76"]
[EventDate "2005.??.??"]

1. c4 c5 2. e4 Nc6 3. Nf3 e6 4. Nc3 Nf6 5. Be2 Be7 6. O-O O-O 7. d3 d5 8. b3 d4
9. Nb5 a6 10. e5 Ng4 11. Nbxd4 cxd4 12. Bb2 Bc5 13. Qd2 Ngxe5 14. a3 Nxf3+ 15.
Bxf3 Qd6 16. b4 Ba7 17. c5 Qe5 18. Rfe1 Qf6 19. a4 Bb8 20. g3 e5 21. Re4 Qxf3
22. Rh4 Bf5 23. Re1 Bc7 24. Qg5 Bd8 25. Qh5 Bxh4 26. Qxf3 g6 27. gxh4 Rfb8 28.
Bc1 Nxb4 29. Rxe5 Nxd3 30. Bh6 Nxe5 31. Qf4 Re8 32. h5 Rac8 33. hxg6 Bxg6 34.
Qxd4 Nf3+ 35. Kg2 Nxd4 36. f4 Rxc5 37. Kg3 Re3+ 38. Kh4 Rh3+ 0-1

[Event "2e Open International de Balagne"]
[Site "Calvi"]
[Date "2005.02.21"]
[Round "3.1"]
[White "Agdestein, Simen"]
[Black "Chatalbashev, Boris"]
[Result "0-1"]
[WhiteElo "2586"]
[BlackElo "2538"]
[PlyCount "78"]
[EventDate "2005.??.??"]

1. d4 g6 2. e4 Bg7 3. Nc3 c6 4. f4 d5 5. e5 Nh6 6. Nf3 f6 7. h3 Nf5 8. Ne2 h5
9. Rg1 h4 10. c3 Nd7 11. g4 hxg3 12. Nxg3 Nf8 13. Nh1 Nh4 14. Be3 Qb6 15. b3
Qa5 16. Bd2 Bf5 17. Ng3 Bc2 18. Qe2 fxe5 19. Nxe5 Bxe5 20. b4 Qa3 21. fxe5 Ne6
22. Rc1 Qb2 23. Bg2 O-O-O 24. Bh1 Nf5 25. Nxf5 gxf5 26. Qh2 Be4 27. Rg6 Nc7 28.
h4 Qxa2 29. h5 e6 30. h6 Qc4 31. Bg5 Rde8 32. Bf6 Rh7 33. Rg7 Rxg7 34. hxg7 Qd3
35. Qe2 Qh3 36. Bxe4 dxe4 37. c4 a6 38. Qd2 e3 39. Qe2 Qh1+ 0-1

[Event "2e Open International de Balagne"]
[Site "Calvi"]
[Date "2005.02.21"]
[Round "3.2"]
[White "Hamdouchi, Hicham"]
[Black "Malakhatko, Vadim"]
[Result "1-0"]
[WhiteElo "2555"]
[BlackElo "2569"]
[PlyCount "65"]
[EventDate "2005.??.??"]

1. e4 e6 2. d4 d5 3. Nc3 h6 4. Bd3 Nf6 5. e5 Nfd7 6. Nce2 c5 7. c3 Nc6 8. a3
Qb6 9. Nf3 a5 10. Bc2 Be7 11. h4 Qc7 12. h5 b5 13. O-O Ba6 14. Re1 Nb6 15. dxc5
Bxc5 16. Ned4 b4 17. Nxc6 Qxc6 18. axb4 axb4 19. cxb4 Bxb4 20. Re3 Bc5 21. Rc3
Bc4 22. Nd4 Qb7 23. Rxa8+ Qxa8 24. Rg3 Qa1 25. Be3 Qxd1+ 26. Bxd1 Nd7 27. Ba4
Ke7 28. Nc6+ Kf8 29. Nb8 Nxb8 30. Bxc5+ Kg8 31. Bd6 Na6 32. b3 Be2 33. Re3 1-0

[Event "2e Open International de Balagne"]
[Site "Calvi"]
[Date "2005.02.21"]
[Round "3.3"]
[White "Guidarelli, Laurent"]
[Black "Getz, Nicolai"]
[Result "1-0"]
[WhiteElo "2438"]
[BlackElo "1499"]
[PlyCount "53"]
[EventDate "2005.??.??"]

1. d4 Nf6 2. c4 e6 3. Nf3 b6 4. g3 Bb7 5. Bg2 Be7 6. O-O O-O 7. Nc3 d5 8. Ne5
Nbd7 9. Bf4 c6 10. Qa4 Nxe5 11. cxd5 exd5 12. Bxe5 b5 13. Qc2 Nd7 14. Bf4 Bf6
15. Rfd1 Qb6 16. e3 Rfe8 17. a4 b4 18. a5 Qd8 19. a6 Bxa6 20. Rxa6 bxc3 21.
Qxc3 c5 22. Bxd5 cxd4 23. exd4 Rc8 24. Qb3 Qe7 25. Rxa7 Red8 26. Qb5 Rc2 27.
Bc6 1-0

[Event "2e Open International de Balagne"]
[Site "Calvi"]
[Date "2005.02.21"]
[Round "3.4"]
[White "Snerthammer, Daniel"]
[Black "Fossum, Atle Byum"]
[Result "0-1"]
[WhiteElo "1499"]
[BlackElo "1974"]
[PlyCount "82"]
[EventDate "2005.??.??"]

1. d4 d5 2. c4 e6 3. Nf3 Nf6 4. Nc3 c6 5. Bg5 h6 6. Bh4 dxc4 7. a4 Bb4 8. e3 b5
9. axb5 cxb5 10. Ne5 Bb7 11. f3 a6 12. Be2 O-O 13. O-O Be7 14. Qe1 Nd5 15. Bxe7
Qxe7 16. Bd1 Nd7 17. Ng4 Nb4 18. Qg3 Kh8 19. Qc7 Bc6 20. Ne5 Rfc8 21. Nxc6 Nxc6
22. Qb7 Nf6 23. Qb6 Nb4 24. Qa5 Nfd5 25. Nxd5 exd5 26. Qa3 Re8 27. e4 dxe4 28.
fxe4 Nd3 29. Qxe7 Rxe7 30. b3 f6 31. bxc4 bxc4 32. Ra4 Rc8 33. d5 Rxe4 34. Rxa6
Nb4 35. Ra7 Nxd5 36. Bf3 Re5 37. Rd1 c3 38. Rc1 Nb4 39. Bd1 Nd3 40. Bg4 f5 41.
Bh5 Nxc1 0-1

[Event "2e Open International de Balagne"]
[Site "Calvi"]
[Date "2005.02.21"]
[Round "3.5"]
[White "Campana, Marc-Antoine"]
[Black "Haug, Rune"]
[Result "1/2-1/2"]
[WhiteElo "1660"]
[BlackElo "1499"]
[PlyCount "105"]
[EventDate "2005.??.??"]

1. e4 e5 2. Nf3 Nf6 3. d3 Nc6 4. Be2 Be7 5. O-O O-O 6. Nc3 d5 7. exd5 Nxd5 8.
d4 exd4 9. Nxd4 Nxc3 10. bxc3 Ne5 11. Be3 c5 12. Nb3 b6 13. f4 Qxd1 14. Raxd1
Ng4 15. Bc1 Be6 16. f5 Bxb3 17. cxb3 Nf6 18. Bf3 Rad8 19. Bf4 Rxd1 20. Rxd1 Rd8
21. Rxd8+ Bxd8 22. Kf2 Kf8 23. Ke3 Ke7 24. Kd3 Nd7 25. Bg5+ f6 26. Bf4 Ne5+ 27.
Bxe5 fxe5 28. Bd5 Kf6 29. Ke4 b5 30. Bc6 b4 31. c4 h5 32. h4 g6 33. fxg6 Kxg6
34. Kxe5 Bxh4 35. Kd6 Bf2 36. Kc7 Kf6 37. Kb7 Ke5 38. Kxa7 Kd4 39. Ka6 h4 40.
Ka5 Kc3 41. Ka4 Kb2 42. Bf3 Kxa2 43. Bc6 Kb2 44. Bb7 Kc3 45. Bc6 Kd4 46. Ba8
Ke5 47. Bd5 Kf4 48. Ba8 Kg3 49. Bb7 Bd4 50. Ba8 Bf2 51. Bb7 Bd4 52. Ba8 Bf2 53.
Bb7 1/2-1/2

[Event "2e Open International de Balagne"]
[Site "Calvi"]
[Date "2005.02.21"]
[Round "3.6"]
[White "Gelis, Dorian"]
[Black "Baklan, Vladimir"]
[Result "0-1"]
[WhiteElo "2172"]
[BlackElo "2578"]
[PlyCount "74"]
[EventDate "2005.??.??"]

1. e4 c5 2. Nc3 Nc6 3. Bb5 e6 4. Bxc6 bxc6 5. d3 d6 6. Nge2 g6 7. O-O Bg7 8. f4
f5 9. Be3 Nf6 10. Kh1 O-O 11. Bg1 Rf7 12. Qe1 Ba6 13. Rd1 Qf8 14. b3 Re8 15. e5
dxe5 16. Na4 Nd7 17. Qa5 Bb5 18. Nac3 Bf6 19. Nb1 Bd8 20. Qa3 a5 21. c4 Ba6 22.
fxe5 Bc7 23. Nd2 Qg7 24. Nf3 g5 25. d4 g4 26. Ne1 cxd4 27. Bxd4 c5 28. Bc3 Bxe5
29. Qxa5 Bb7 30. Qb5 Bxc3 31. Nxc3 Rd8 32. Qa5 Rc8 33. Nb5 Qf6 34. Qc3 Qg7 35.
Kg1 Rff8 36. Qa5 f4 37. Nc2 Rb8 0-1

[Event "2e Open International de Balagne"]
[Site "Calvi"]
[Date "2005.02.21"]
[Round "3.7"]
[White "Guennoun, Anthony"]
[Black "Vuckovic, Bojan"]
[Result "0-1"]
[WhiteElo "2101"]
[BlackElo "2525"]
[PlyCount "59"]
[EventDate "2005.??.??"]

1. e4 c5 2. Nf3 Nc6 3. Nc3 d6 4. Bb5 Bd7 5. O-O e6 6. d4 cxd4 7. Nxd4 Nf6 8.
Kh1 Be7 9. f4 O-O 10. Be2 a6 11. Bf3 Rc8 12. Nxc6 Bxc6 13. Be3 b5 14. e5 dxe5
15. fxe5 Nd7 16. Bf4 Qb6 17. Ne4 Rfd8 18. Qe1 Qb7 19. Qe2 Bd5 20. b3 Qc6 21. c3
Nc5 22. Ng5 Bxg5 23. Bxg5 Rd7 24. Bxd5 Rxd5 25. Rae1 Nd3 26. Qh5 Qd7 27. Re3
Nxe5 28. Rh3 h6 29. Bc1 Nd3 30. Qg4 0-1

[Event "2e Open International de Balagne"]
[Site "Calvi"]
[Date "2005.02.21"]
[Round "3.8"]
[White "Humeau, Cyril"]
[Black "Galdunts, Sergey"]
[Result "1/2-1/2"]
[WhiteElo "2088"]
[BlackElo "2489"]
[PlyCount "71"]
[EventDate "2005.??.??"]

1. d4 d6 2. e4 Nf6 3. Nc3 g6 4. g3 Bg7 5. Bg2 O-O 6. Nge2 e5 7. O-O Nbd7 8.
dxe5 dxe5 9. Nd5 c6 10. Nxf6+ Qxf6 11. Be3 Qe7 12. Qd2 Re8 13. Rfd1 Nc5 14. Qd6
Qxd6 15. Rxd6 Na4 16. b3 Bf8 17. Rd2 Nc5 18. Rad1 Ne6 19. Bh3 f6 20. f3 a5 21.
c3 b5 22. Nc1 b4 23. cxb4 Bxb4 24. Rc2 Nd4 25. Bxd4 Bxh3 26. Bc5 Red8 27. Rxd8+
Rxd8 28. Bxb4 axb4 29. Kf2 f5 30. Ke3 Bf1 31. Rxc6 Rd1 32. Rc2 Ba6 33. Rc6 Bf1
34. Rc2 Ba6 35. Rc6 Bf1 36. Rc2 1/2-1/2

[Event "2e Open International de Balagne"]
[Site "Calvi"]
[Date "2005.02.21"]
[Round "3.9"]
[White "Thomassen, Thomas"]
[Black "Kryvoruchko, Yuriy"]
[Result "0-1"]
[WhiteElo "2046"]
[BlackElo "2474"]
[PlyCount "46"]
[EventDate "2005.??.??"]

1. Nf3 Nf6 2. c4 c5 3. Nc3 d5 4. cxd5 Nxd5 5. g3 Nc6 6. Bg2 Nc7 7. O-O e5 8. d3
Be7 9. Nd2 Bd7 10. Nc4 O-O 11. Bxc6 Bxc6 12. Nxe5 Be8 13. Be3 Nd5 14. Nxd5 Qxd5
15. Nf3 Bc6 16. Qb3 Qh5 17. Rac1 Rad8 18. Qa3 Rd5 19. h4 Rf5 20. Rfd1 Rd8 21.
Qb3 Rxf3 22. exf3 Qxf3 23. Kf1 Bg5 0-1

[Event "2e Open International de Balagne"]
[Site "Calvi"]
[Date "2005.02.21"]
[Round "3.10"]
[White "Oleksienko, Mikhailo"]
[Black "Brethes, Francois"]
[Result "1-0"]
[WhiteElo "2469"]
[BlackElo "2147"]
[PlyCount "43"]
[EventDate "2005.??.??"]

1. e4 b6 2. d4 Bb7 3. Bd3 e6 4. Nf3 Nf6 5. Qe2 Be7 6. O-O c5 7. Nc3 d5 8. exd5
Nxd5 9. Nxd5 Qxd5 10. c4 Qd8 11. d5 exd5 12. Re1 dxc4 13. Bxc4 Nc6 14. Bg5 Qc7
15. Bxe7 Nxe7 16. Ne5 O-O 17. Nxf7 Bd5 18. Ng5 Qf4 19. Bxd5+ Nxd5 20. Qe6+ Kh8
21. Qxd5 Qxf2+ 22. Kh1 1-0

[Event "2e Open International de Balagne"]
[Site "Calvi"]
[Date "2005.02.21"]
[Round "3.11"]
[White "Massoni, Michael"]
[Black "Vovk, Yuri"]
[Result "0-1"]
[WhiteElo "2026"]
[BlackElo "2420"]
[PlyCount "54"]
[EventDate "2005.??.??"]

1. e4 c5 2. Nf3 Nc6 3. d4 cxd4 4. Nxd4 Qc7 5. Nc3 e6 6. Be3 a6 7. Be2 Nf6 8.
O-O b5 9. a3 Bb7 10. f4 Bc5 11. e5 Qb6 12. exf6 Bxd4 13. Bxd4 Nxd4 14. fxg7 Rg8
15. Kh1 Rxg7 16. Bf3 Nxf3 17. Rxf3 Bxf3 18. Qxf3 Qc6 19. Ne4 O-O-O 20. Qe3 f5
21. Ng3 h5 22. Rg1 Rdg8 23. Qf2 h4 24. Ne2 h3 25. Ng3 Rxg3 26. hxg3 Rh8 27. Qf3
hxg2+ 0-1

[Event "2e Open International de Balagne"]
[Site "Calvi"]
[Date "2005.02.21"]
[Round "3.12"]
[White "Bouthier, Jacques"]
[Black "Zozulia, Anna"]
[Result "0-1"]
[WhiteElo "2022"]
[BlackElo "2411"]
[PlyCount "46"]
[EventDate "2005.??.??"]

1. e4 c5 2. Nf3 Nc6 3. d4 cxd4 4. Nxd4 e5 5. Nb5 d6 6. N1c3 a6 7. Na3 b5 8. Nd5
Nf6 9. Bg5 Be7 10. Bxf6 Bxf6 11. c3 Ne7 12. Nxf6+ gxf6 13. Nc2 Bb7 14. Bd3 d5
15. exd5 Qxd5 16. Ne3 Qe6 17. a4 Rd8 18. Qc2 Nd5 19. Nf5 O-O 20. O-O e4 21.
Bxe4 Nb4 22. Nh6+ Kg7 23. cxb4 Bxe4 0-1

[Event "2e Open International de Balagne"]
[Site "Calvi"]
[Date "2005.02.21"]
[Round "3.13"]
[White "Muzychuk, Anna"]
[Black "Stubberud, Ornulf"]
[Result "1-0"]
[WhiteElo "2387"]
[BlackElo "2093"]
[PlyCount "71"]
[EventDate "2005.??.??"]

1. e4 c5 2. Nf3 e6 3. c4 a6 4. Nc3 Qc7 5. Be2 Nc6 6. d4 cxd4 7. Nxd4 Nf6 8. O-O
Nxd4 9. Qxd4 Bc5 10. Qd3 O-O 11. b3 d6 12. Bf4 Nd7 13. Qg3 Ne5 14. Na4 Ng6 15.
Nxc5 Nxf4 16. Qxf4 Qxc5 17. Rfd1 e5 18. Qd2 Rd8 19. b4 Qc6 20. c5 Be6 21. cxd6
Rd7 22. Rac1 Qb6 23. a3 Bb3 24. Bg4 Rdd8 25. Re1 Rxd6 26. Qc3 Be6 27. Bxe6 Rxe6
28. Red1 h6 29. Qc7 a5 30. bxa5 Qxc7 31. Rxc7 Rxa5 32. Rd8+ Kh7 33. Rxf7 Rxa3
34. h4 Ra4 35. h5 Rxe4 36. Rff8 1-0

[Event "2e Open International de Balagne"]
[Site "Calvi"]
[Date "2005.02.21"]
[Round "3.14"]
[White "Kvisla, Johannes Luangtep"]
[Black "Yakivchik, Myroslava"]
[Result "1/2-1/2"]
[WhiteElo "2003"]
[BlackElo "2360"]
[PlyCount "107"]
[EventDate "2005.??.??"]

1. e4 c5 2. Nf3 d6 3. d4 cxd4 4. Nxd4 Nf6 5. Nc3 a6 6. Be3 Nc6 7. Nb3 b5 8. Be2
e6 9. a3 Be7 10. O-O Bb7 11. f4 O-O 12. Bf3 Qc7 13. Qe2 Rfe8 14. Qf2 Rac8 15.
Rad1 Qb8 16. g4 a5 17. g5 Nd7 18. Nxb5 Ba6 19. a4 Bxb5 20. axb5 Qxb5 21. e5 d5
22. Be2 Qb7 23. Bd3 g6 24. Ra1 Ra8 25. Ra4 Qc7 26. h4 Nb4 27. Nd4 Nxd3 28. cxd3
Bb4 29. Rc1 Qb7 30. Nc6 Rac8 31. Nxb4 axb4 32. Rca1 Qb5 33. Qd2 Nc5 34. Rxb4
Qxd3 35. Qxd3 Nxd3 36. Rb3 Nc5 37. Bxc5 Rxc5 38. Kf2 Rc2+ 39. Kf3 Rh2 40. Kg3
Rd2 41. Ra7 Rc8 42. Kf3 Rcc2 43. Ra8+ Kg7 44. Rab8 Rf2+ 45. Kg3 Rg2+ 46. Kh3
Rh2+ 47. Kg3 Rcg2+ 48. Kf3 Rf2+ 49. Kg3 Rfg2+ 50. Kf3 Rc2 51. Kg3 Rhd2 52. Kf3
Rd1 53. Ra8 Rdd2 54. Rab8 1/2-1/2

[Event "2e Open International de Balagne"]
[Site "Calvi"]
[Date "2005.02.21"]
[Round "3.15"]
[White "Borchgrevink, Harald"]
[Black "Galli, Jean-Christian"]
[Result "1-0"]
[WhiteElo "2257"]
[BlackElo "2059"]
[PlyCount "73"]
[EventDate "2005.??.??"]

1. c4 Nf6 2. Nc3 g6 3. d4 d5 4. cxd5 Nxd5 5. Bd2 Bg7 6. e4 Nxc3 7. Bxc3 O-O 8.
Nf3 a6 9. Be2 b6 10. O-O Bb7 11. Qc2 e6 12. Bc4 Qe7 13. Rfe1 Nd7 14. Rad1 b5
15. Bf1 b4 16. Bd2 Rfc8 17. Bg5 f6 18. Be3 c5 19. d5 exd5 20. exd5 Qd6 21. Nd2
f5 22. Nc4 Qf6 23. Na5 f4 24. Bc1 Rcb8 25. Re4 g5 26. Re6 Qf8 27. Bd3 Nf6 28.
Nxb7 Rxb7 29. Bxa6 Rd7 30. Bc4 Ng4 31. Qe2 Nf6 32. h4 h6 33. b3 Re8 34. hxg5
hxg5 35. Bb2 Rxe6 36. Qxe6+ Kh8 37. Bxf6 1-0

[Event "2e Open International de Balagne"]
[Site "Calvi"]
[Date "2005.02.21"]
[Round "3.16"]
[White "Kirszenberg, Marc"]
[Black "Autran, Yann"]
[Result "0-1"]
[WhiteElo "2233"]
[BlackElo "2025"]
[PlyCount "68"]
[EventDate "2005.??.??"]

1. d4 d5 2. Nf3 Nf6 3. c4 c6 4. cxd5 cxd5 5. Nc3 Nc6 6. Bf4 e6 7. e3 Bd6 8. Bg3
O-O 9. Bd3 h6 10. Rc1 Qe7 11. Bxd6 Qxd6 12. O-O Bd7 13. a3 Rac8 14. b4 e5 15.
Nb5 Qb8 16. Be2 e4 17. Nd2 Ne7 18. Nb3 Ng4 19. Bxg4 Rxc1 20. Qxc1 Bxb5 21. Re1
b6 22. Qb2 f5 23. Bh3 f4 24. Nd2 Qd6 25. Qb3 Qg6 26. a4 fxe3 27. Qxe3 Bxa4 28.
f3 Bc2 29. fxe4 dxe4 30. Qc3 Bd3 31. Qb3+ Kh8 32. Qe6 Qg5 33. Nxe4 Qe3+ 34. Nf2
Qxf2+ 0-1

[Event "2e Open International de Balagne"]
[Site "Calvi"]
[Date "2005.02.21"]
[Round "3.19"]
[White "Grabinsky, Vladimir"]
[Black "Loberg, Jo Kristian"]
[Result "1-0"]
[WhiteElo "2315"]
[BlackElo "1199"]
[PlyCount "27"]
[EventDate "2005.??.??"]

1. e4 e5 2. Nf3 Nc6 3. d4 exd4 4. c3 dxc3 5. Nxc3 Bb4 6. Bc4 Nf6 7. O-O d6 8.
Nd5 Bg4 9. Bg5 Ba5 10. Qb3 Bxf3 11. Nxf6+ gxf6 12. Bxf7+ Ke7 13. Qe6+ Kf8 14.
Bh6# 1-0

[Event "2e Open International de Balagne"]
[Site "Calvi"]
[Date "2005.02.21"]
[Round "3.20"]
[White "Lillehagen, Morten"]
[Black "Mencacci, Floriane"]
[Result "1-0"]
[WhiteElo "1009"]
[BlackElo "1370"]
[PlyCount "69"]
[EventDate "2005.??.??"]

1. e4 e5 2. Nf3 Nc6 3. Bc4 Bc5 4. d3 d6 5. h3 Nf6 6. Bg5 O-O 7. Nc3 Be6 8. Bb3
h6 9. Bh4 Na5 10. Qd2 Nxb3 11. axb3 c6 12. O-O d5 13. exd5 Bxd5 14. Nxd5 cxd5
15. Nxe5 Re8 16. d4 Be7 17. Bxf6 Bxf6 18. Ng4 Bg5 19. f4 Bh4 20. Ne3 Re4 21.
Nf5 Bf6 22. c3 Qd7 23. Ng3 Qe6 24. Nxe4 dxe4 25. Rfe1 Re8 26. Rxa7 Qxb3 27. Ra3
Qe6 28. d5 Qe7 29. c4 g5 30. d6 Qe6 31. fxg5 Bxg5 32. Qd5 Qf6 33. d7 Re5 34.
d8=Q+ Qxd8 35. Qxe5 1-0

[Event "2e Open International de Balagne"]
[Site "Calvi"]
[Date "2005.02.21"]
[Round "3.23"]
[White "Ferrandi, Bernard"]
[Black "Vanschamelhout, Julien"]
[Result "1-0"]
[WhiteElo "2007"]
[BlackElo "1670"]
[PlyCount "77"]
[EventDate "2005.??.??"]

1. e4 c5 2. b4 cxb4 3. a3 bxa3 4. Nxa3 d6 5. Bc4 Nc6 6. Nf3 Nf6 7. d3 g6 8. Ng5
e6 9. O-O Bg7 10. Bb2 O-O 11. Kh1 h6 12. Nf3 a6 13. Nd4 Nxd4 14. Bxd4 e5 15.
Bb2 b5 16. Bb3 Be6 17. Bxe6 fxe6 18. f4 exf4 19. Rxf4 Nd7 20. Rxf8+ Qxf8 21.
Bxg7 Kxg7 22. c3 Qf2 23. Nxb5 Nc5 24. Nxd6 Rd8 25. e5 Rf8 26. h3 Qb2 27. d4 Nd3
28. Qa4 Nf4 29. Ra2 Qc1+ 30. Kh2 Qe3 31. Qd7+ Kg8 32. Ne8 Rf7 33. Nf6+ Kg7 34.
Qc8 Rxf6 35. exf6+ Kxf6 36. Qf8+ Kg5 37. Qe7+ Kf5 38. Ra5+ Nd5 39. Rxd5+ 1-0

[Event "2e Open International de Balagne"]
[Site "Calvi"]
[Date "2005.02.21"]
[Round "3.25"]
[White "Larsen Hagen, Brede Andre"]
[Black "Mencacci, Tiphanie"]
[Result "1-0"]
[WhiteElo "1938"]
[BlackElo "1610"]
[PlyCount "47"]
[EventDate "2005.??.??"]

1. e4 e5 2. f4 exf4 3. Bc4 Be7 4. d4 Bh4+ 5. Kf1 Nf6 6. Nc3 O-O 7. Bxf4 Nxe4 8.
Nxe4 d5 9. g3 Be7 10. Bd3 dxe4 11. Bxe4 Nc6 12. c3 Re8 13. Nf3 Bg4 14. Qc2 Bxf3
15. Bxf3 Bd6 16. Bxd6 Qxd6 17. Kg2 Re6 18. d5 Re3 19. dxc6 bxc6 20. Rhe1 Rae8
21. Rxe3 Rxe3 22. Rd1 Qe7 23. Qd2 g6 24. Qd8+ 1-0

[Event "2e Open International de Balagne"]
[Site "Calvi"]
[Date "2005.02.21"]
[Round "3.29"]
[White "Battesti, Marc-Andria"]
[Black "Luciani, Thibault"]
[Result "0-1"]
[WhiteElo "1819"]
[BlackElo "1540"]
[PlyCount "122"]
[EventDate "2005.??.??"]

1. e4 e5 2. f4 exf4 3. Nf3 Nf6 4. e5 Nd5 5. c4 Nb6 6. d4 d6 7. Bxf4 Bg4 8. Bd3
Nc6 9. d5 Nxe5 10. Bxe5 dxe5 11. O-O Bc5+ 12. Kh1 Qe7 13. Nc3 O-O 14. Qe2 f5
15. Qxe5 Bxf3 16. Qxe7 Bxg2+ 17. Kxg2 Bxe7 18. Nb5 Bd6 19. Nd4 g6 20. Ne6 Rf6
21. Rae1 Nd7 22. c5 Nxc5 23. Bc4 Nxe6 24. dxe6 Re8 25. Re3 Re7 26. h4 h6 27.
Rfe1 Kg7 28. Bd5 c6 29. Bb3 g5 30. hxg5 hxg5 31. Rd3 Bc7 32. Red1 Kf8 33. Rh1
Ke8 34. Rh5 Rg7 35. Rh1 a5 36. a3 f4 37. Rhd1 g4 38. Rd7 f3+ 39. Kf1 Rxd7 40.
Rxd7 Bh2 41. Rg7 g3 42. Rg8+ Ke7 43. Rg7+ Kd6 44. Bc4 g2+ 45. Kf2 g1=Q+ 46.
Rxg1 Bxg1+ 47. Kxg1 b5 48. Ba2 c5 49. Kf2 c4 50. a4 Kxe6 51. axb5 Rf4 52. Bb1
Kd6 53. Bg6 Kc5 54. Be8 c3 55. bxc3 a4 56. Bd7 a3 57. Be6 Kxb5 58. Ba2 Rh4 59.
Kg3 f2 60. Kg2 Rh2+ 61. Kf1 Rh1+ 0-1

[Event "2e Open International de Balagne"]
[Site "Calvi"]
[Date "2005.02.21"]
[Round "3.30"]
[White "Gil, Ludovic"]
[Black "Wojnowski, Krzysztof"]
[Result "1/2-1/2"]
[WhiteElo "1790"]
[BlackElo "1520"]
[PlyCount "57"]
[EventDate "2005.??.??"]

1. e4 d6 2. d4 Nf6 3. Nc3 g6 4. Nf3 Bg7 5. Bc4 O-O 6. O-O Bg4 7. h3 Bxf3 8.
Qxf3 e5 9. dxe5 dxe5 10. Bg5 h6 11. Bh4 g5 12. Bg3 Nc6 13. Rad1 Qe7 14. Rd2 Nd4
15. Qe3 Rad8 16. Rfd1 c6 17. Ne2 Nxe2+ 18. Bxe2 Rxd2 19. Rxd2 b6 20. f3 Nh5 21.
Bf2 Nf4 22. a3 Nxe2+ 23. Qxe2 Rd8 24. Rxd8+ Qxd8 25. Qd3 Qe7 26. Qc4 Qd6 27.
Qd3 Qe7 28. Qc4 Qd6 29. Qd3 1/2-1/2